| 000 | 00751nam a22002537a 4500 | ||
|---|---|---|---|
| 005 | 20170124105924.0 | ||
| 010 | _aA-386382 | ||
| 020 |
_c00.00 _a8170232740 |
||
| 035 | _aA-386382 | ||
| 037 | _bCen Lib/Ret | ||
| 040 |
_aDPL _bEN |
||
| 082 | _a324.954 | ||
| 100 |
_aS.Nihal Singh _95743 |
||
| 245 |
_aCount down to elections / _cby S.Nihal Singh |
||
| 260 |
_aNew Delhi _bAllied publishers _c1989 |
||
| 270 |
_bNew Delhi _a13/14,Asaf ali road _e110002 |
||
| 300 |
_a220p. _c21cm(Hb) |
||
| 500 | _a | ||
| 650 |
_aPolitical parties _91274 |
||
| 650 |
_aParty system _95744 |
||
| 650 |
_a राजनीतिक दल _95745 |
||
| 650 |
_aपार्टी सिस्टम _95746 |
||
| 942 |
_2ddc _cEN _h324.954 _mNIH |
||
| 999 |
_c123386 _d123386 |
||